000 01167nam a22003257a 4500
001 6198
003 FISKH
005 20250828100918.0
008 250327b cb ||||| |||| 00| 0 eng d
020 _a9780590257558
040 _aInCarS
_cInCarS
_dDLC
_beng
050 _aPZ7 .B7633
082 _a813.54
100 1 _aBridwell, Norman
_d(1928–2014)
245 1 0 _aClifford and the big storm /
_cNorman Bridwell.
250 _aThis edition first published in 1995
260 _aNew York :
_bScholastic,
_c1995.
300 _a30 pages :
_bcolor illustrations ;
_c21 cm.
505 _aG
520 _aWhen a hurricane strikes while Clifford and Emily Elizabeth are having fun visiting her grandmother at the beach, Clifford the big red dog knows just what to do to keep everyone safe.
521 8 _a350
_bLexile
521 8 _aG
_bRaz-Plus
650 1 _aDogs
_xFiction.
650 1 _aStorms
_xFiction.
650 1 _aSeashore
_xFiction.
856 4 2 _3Contributor biographical information
_uhttp://www.loc.gov/catdir/enhancements/fy1301/95182786-b.html
906 _a7
_bcbc
_ccopycat
_d2
_encip
_f19
_gy-gencatlg
942 _2ddc
_cBK
_n0
999 _c6198
_d6198